[Event "Mittelrhein Verbandsliga-O 1112"]
[Site "Germany"]
[Date "2012.03.18"]
[Round "8"]
[White "Rettke, Joerg"]
[Black "Hierl, Erich"]
[Result "1/2-1/2"]
[WhiteElo "1978"]
[BlackElo "1742"]
[PlyCount "40"]
[EventDate "2011.09.18"]
[EventType "team-tourn"]
[EventRounds "11"]
[EventCountry "GER"]
[SourceTitle "EXT 2013"]
[Source "ChessBase"]
[SourceDate "2012.11.22"]
[SourceVersion "1"]
[SourceVersionDate "2012.11.22"]
[SourceQuality "1"]
[WhiteTeam "Lohmar"]
[BlackTeam "Hennef"]
[WhiteTeamCountry "GER"]
[BlackTeamCountry "GER"]

1. d4 Nf6 2. Bg5 e6 3. e3 Be7 4. Bd3 d5 5. Nd2 b6 6. Ngf3 h6 7. Bh4 0-0 8. 0-0 c5 9. c3 c4 10. Bc2 Bb7 11. Qe2 Nbd7 12. e4 dxe4 13. Nxe4 Nxe4 14. Bxe4 Bxe4 15. Qxe4 Bxh4 16. Nxh4 Nf6 17. Qe2 b5 18. Nf3 Qd5 19. Ne5 Rfc8 20. Rfe1 Rc7 1/2-1/2